A metamorfose / (Record no. 506)

MARC details
000 -LÍDER
campo de controle de tamanho fixo 01499nam a22002894a 4500
001 - NÚMERO DE CONTROLE
campo de controle 506
003 - IDENTIFICADOR DO NÚMERO DE CONTROLE
campo de controle BR-RjBN
005 - DATA E HORÁRIO DA ÚLTIMA TRANSAÇÃO
campo de controle 20260413081245.0
008 - CAMPO DE DADOS FIXOS--INFORMAÇÃO GERAL
campo de controle de tamanho fixo 000713s2000 spb 000 f por d
020 ## - ISBN - INTERNATIONAL STANDARD BOOK NUMBER
ISBN - International Standard Book Number 9786587817217
040 ## - FONTE DA CATALOGAÇÃO
Idioma da catalogação por
041 1# - CÓDIGO DE IDIOMA
Código do idioma do texto/trilha sonora ou título diferente por
Código do idioma do original e/ou traduções intermediárias do texto ger
082 ## - CDD - CLASSIFICAÇÃO DECIMAL DE DEWEY
Número de Classificação K11m
Número do exemplar Ar833
100 1# - ENTRADA PRINCIPAL--NOME PESSOAL
Nome pessoal Kafka, Franz,
Datas associadas ao nome 1883-1924
9 (RLIN) 7
240 04 - TÍTULO UNIFORME
Título uniforme Die Verwandlung.
245 12 - TÍTULO
Título A metamorfose /
Indicação de responsabilidade, etc. Franz Kafka ; tradução e posfácio: Modesto Carone.
260 ## - PUBLICAÇÃO, DISTRIBUIÇÃO, ETC.
Local de publicação, distribuição, etc. São Paulo
Nome do editor, distribuidor, etc. Camelot
Data da publicação, distribuição, etc. 2021
300 ## - DESCRIÇÃO FÍSICA
Extensão 96p. ;
520 ## - NOTA DE RESUMO, ETC.
Resumo, etc. "Ao acordar, certa manhã, de sonhos inquietos, Gregor Samsa se deu conta de que havia se metamorfoseado num gigantesco inseto. Estava deitado na cama, sobre as costas, que eram tão duras que pareciam uma armadura de metal e, ao levantar um pouco a cabeça, visualizou a barriga marrom e arredondada, dividida em arcos rígidos, sobre a qual a coberta não conseguia permanecer, estando a ponto de escorregar e cair a qualquer momento. Possuía inúmeras pernas, que eram desproporcionalmente finas em relação ao resto do corpo e elas se agitavam desesperadamente diante de seus olhos." Publicada pela primeira vez em 1915, esta narrativa breve e intensa é caracterizada como um dos maiores clássicos da literatura universal.<br/><br/>
650 #0 - ASSUNTO--TERMO TÓPICO
Cabeçalho tópico ou nome geográfico Literatura austriaca
9 (RLIN) 135
650 #0 - ASSUNTO--TERMO TÓPICO
Cabeçalho tópico ou nome geográfico Existencialismo
9 (RLIN) 217
650 #0 - ASSUNTO--TERMO TÓPICO
Cabeçalho tópico ou nome geográfico Alienação
9 (RLIN) 1090
655 #0 - TERMO DE ÍNDICE--GÊNERO E FORMA
Gênero/forma/ou termo foco Romance
655 #0 - TERMO DE ÍNDICE--GÊNERO E FORMA
Gênero/forma/ou termo foco Ficção
700 ## - ENTRADA ADICIONADA - NOME PESSOAL
Nome pessoal Kataoka, Fabio
Função do autor por extenso TRADUTOR
9 (RLIN) 1089
942 ## - ELEMENTOS DE ENTRADA ADICIONADOS (KOHA)
Fonte de classificação ou esquema de arquivamento Classificação decimal de Dewey
Ocultar no OPAC Não
Tipo de material Koha Livros
Holdings
Situação do descarte Situação das perdas Fonte de classificação ou esquema de arquivamento Status danificado Não pode ser emprestado Coleção Biblioteca de origem Biblioteca atual Localização na estante Data de aquisição Fonte de aquisição Total de empréstimos Código de barras Data de último acesso Número do exemplar Data do preço efetivo Tipo de material Koha
    Classificação decimal de Dewey     Ficção Biblioteca Professor Eduardo Afonso de Castro Biblioteca Professor Eduardo Afonso de Castro Literatura Estrangeira 13.04.2026 doação   2026-17441 13.04.2026 Ar833 / K11m 13.04.2026 Livros

Powered by Koha